Health (Registro nro. 171581)

Detalles MARC
000 -LEADER
campo de control de longitud fija 00642nam a22001575i 4500
001 - NÚMERO DE CONTROL
campo de control 171581
003 - IDENTIFICADOR DE NÚMERO DE CONTROL
campo de control ES-MaACL
005 - FECHA Y HORA DE LA ÚLTIMA TRANSACCIÓN
campo de control 20230906214652.0
008 - DATOS DE LONGITUD FIJA--INFORMACIÓN GENERAL
campo de control de longitud fija 090521s1891 xxk |||| | eng d
245 00 - MENCIÓN DEL TÍTULO
Título Health
Resto del título : the voyage to south Africa and sojourn there.
260 ## - PUBLICACIÓN, DISTRIBUCIÓN, ETC.
Lugar de publicación, distribución, etc. London :
Nombre del editor, distribuidor, etc. [s.n.],
Fecha de publicación, distribución, etc. 1891.
300 ## - DESCRIPCIÓN FÍSICA
Extensión 78 p., [1] h. de map. pleg. :
Otras características físicas il. ;
Dimensiones 21 cm.
500 ## - NOTA GENERAL
Nota general Collected and republished ... on the occasion of the assembling in London of the International Congress of Hygiene and Demography of 1891."
711 2# - ENTRADA AGREGADA--NOMBRE DE REUNIÓN
Nombre de congreso/reunión o jurisdicción como elemento de entrada International Congress of Hygiene and Demography (
Fecha del congreso o de la firma del tratado 1891.
Sede del congreso/Lugar de la reunión London)
9 (RLIN) 140263
852 ## - LOCALIZACIÓN
Ubicación ES-MaACL
Número de control de estantería T-847-F-6
Existencias
Estatus retirado Estado de pérdida Estado de daño No para préstamo Colección Biblioteca de origen Biblioteca actual Ubicación en estantería Fecha de adquisición Fuente de adquisición Total de préstamos Signatura topográfica completa Código de barras Visto por última vez Precio de reemplazo Tipo de ítem Koha
        Colección de folletos Biblioteca del Ateneo de Madrid Biblioteca del Ateneo de Madrid Depósito folletos 21/05/2009     T-847-F-6 1180061 23/02/2023 23/02/2023 Folleto